| 000 | 03710cam a2200397 i 4500 | ||
|---|---|---|---|
| 999 |
_c3777 _d3777 |
||
| 001 | ocn897719238 | ||
| 003 | OCoLC | ||
| 005 | 20180611104025.0 | ||
| 008 | 141201t20152015sz a b 001 0 eng c | ||
| 010 | _a 2014951718 | ||
| 020 |
_a9783319107288 _q(cloth) |
||
| 020 |
_a3319107283 _q(cloth) |
||
| 029 | 1 |
_aAU@ _b000054565913 |
|
| 029 | 1 |
_aNLGGC _b395607698 |
|
| 035 |
_a(OCoLC)897719238 _z(OCoLC)889181030 |
||
| 040 |
_aCDX _beng _erda _cTZ-ArACH _dBTCTA |
||
| 042 | _apcc | ||
| 043 | _af-ke--- | ||
| 049 | _aTZAA | ||
| 050 | 4 |
_aKZ7312 _b.N53 2015 |
|
| 082 | 0 | 4 |
_a155.2 _223 |
| 100 | 1 |
_aNichols, Lionel, _d1983- _eauthor. |
|
| 245 | 1 | 4 |
_aInternational Criminal Court and the end of impunity in Kenya / _cLionel Nichols. |
| 260 |
_aCham [Switzerland] : _bSpringer, _c2015 |
||
| 300 |
_a265 pages : _billustrations ; _c24 cm. |
||
| 490 | 1 | _aSpringer series in transitional justice | |
| 504 | _aIncludes bibliographical references and index. | ||
| 505 | 0 | 0 |
_tThe strategy of positive complementarity -- _tKenya's post-election violence and history of impunity -- _tFrom Nairobi to The Hague -- _tProsecuting perpetrators -- _tDon't be vague, go to The Hague! -- _tRule of law reforms : post hoc ergo propter hoc? -- _tCulture of impunity. |
| 520 | _aThe period immediately following Kenya's 2007 presidential election left a shocking trail of atrocities, with over 1,000 people dead and countless thousands left victimised and displaced. In response, the International Criminal Court began a series of investigations and trials, promising no impunity for even the highest ranking perpetrators. When the country's president and vice-president were implicated in the crimes, the case took on worldwide significance. The International Criminal Court and the End of Impunity in Kenya is a five-year study addressing critical human rights issues with a global reach and is the first detailed account of the ICC's intervention in Kenya. It probes the relationship between the ICC and state institutions, known as positive complementarity, and asks whether the ICC's intervention led to an end to impunity. The author provides comprehensive analysis of the Waki Commission's sealed envelope, the government's attempts to establish a special tribunal and the trials in The Hague. He also provides in depth consideration of any influence the ICC's intervention may have had on the passing of a new constitution, the establishment of a truth commission and important reforms to the judiciary, police and witness protection programme. Documenting the effects of these interventions on the Kenyan people, and on the country's legal and judicial systems, the book provides vital lessons in global justice as it: ?Details the ICC's involvement in Kenya in the aftermath of extreme violence and instability ?Evaluates the ICC prosecutor's strategy of positive complementarity ?Identifies optimal conditions for positive complementarity to be effective ?Links cultures of impunity to state-sponsored corruption ?Explores the possible impact of the ICC on national and global policy ?Discusses implications in responding to future crimes against humanity Replete with official government sources, The International Criminal Court and the End of Impunity in Kenya is necessary reading for researchers and practitioners working in public international law, particularly those specialising in conflict and post-conflict states. | ||
| 610 | 2 | 0 | _aInternational Criminal Court. |
| 610 | 2 | 4 | _aInternational Criminal Court. |
| 650 | 0 |
_aInternational criminal courts _zKenya. |
|
| 650 | 0 |
_aInternational criminal courts _xPolitical aspects. _917550 |
|
| 830 | 0 | _aSpringer series in transitional justice. | |
| 942 |
_2lcc _cBOOK |
||